History Quiz

Random History or Quote Quiz

Who Said It?: Lincoln or Kennedy Quiz Stats

 Plays Quiz Updated Mar 29, 2018

Score 0/20 Timer 05:00
1 Play Today
% Correct
Abraham Lincoln
87.3%
John F. Kennedy
84.3%
John F. Kennedy
82.6%
Abraham Lincoln
80.9%
Abraham Lincoln
77.3%
Abraham Lincoln
73.8%
Abraham Lincoln
72.5%
Abraham Lincoln
71.4%
Abraham Lincoln
70.5%
Abraham Lincoln
67.2%
% Correct
John F. Kennedy
66.7%
John F. Kennedy
63.3%
John F. Kennedy
62.5%
Abraham Lincoln
60.3%
John F. Kennedy
51%
Abraham Lincoln
50.8%
John F. Kennedy
48.3%
John F. Kennedy
46%
John F. Kennedy
44.9%
John F. Kennedy
39.4%

You're not logged in!

Compare scores with friends on all Sporcle quizzes.
OR
Log In

You Might Also Like...

Show Comments

Extras

Top Quizzes Today


Score Distribution

Your Account Isn't Verified!

In order to create a playlist on Sporcle, you need to verify the email address you used during registration. Go to your Sporcle Settings to finish the process.

Report this User

Report this user for behavior that violates our Community Guidelines.

Details: